| 000 | 01098nam a2200265Ia 4500 | ||
|---|---|---|---|
| 999 |
_c53228 _d53228 |
||
| 001 | 20269 | ||
| 003 | GE_BSU | ||
| 005 | 20200730125855.0 | ||
| 008 | 181216s1976||||ge |||||||||||||| ||geo|| | ||
| 040 | _cGE_BSU | ||
| 041 | _ageo | ||
| 080 | _a811.353.1-8(075.3) ი-18 | ||
| 245 |
_aიაკობ გოგებაშვილის დედა ენის 100 წელი : _bწერილების კრებული / _cრედ. ჯ. ჭანტურია. |
||
| 260 | _aთბილისი | ||
| 260 | _bნაკადული | ||
| 260 | _c1976 | ||
| 300 |
_a35 გვ. : _bილ. ; _c20 სმ. |
||
| 541 | _h20 თ. | ||
| 653 | _aიაკობ გოგებაშვილი | ||
| 653 | _aდედაენა | ||
| 653 | _aიაკობ გოგებაშვილის დედა ენის 100 წელი | ||
| 700 |
_aჭანტურია, ჯ. _eრედაქტორი _99082 |
||
| 710 |
_aსაქართველოს სსრ განათლების სამინისტრო _97977 |
||
| 942 |
_cBK _2udc |
||